Religion, Rituals and Festivals (Record no. 10254)

MARC details
000 -LEADER
fixed length control field 00651nam a2200253 a 4500
020 ## - INTERNATIONAL STANDARD BOOK NUMBER
ISBN 8121061
082 00 - DEWEY DECIMAL CLASSIFICATION NUMBER
Classification number 307.70954
Author Cutter CHA
100 ## - MAIN ENTRY--AUTHOR NAME
Author name Chaudhury, Buddhadeb
245 ## - TITLE STATEMENT
Title Religion, Rituals and Festivals
260 ## - PUBLICATION, DISTRIBUTION, ETC. (IMPRINT)
Place of publication Delhi
Name of publisher Inter-India Publications
Year of publication 1992
300 ## - PHYSICAL DESCRIPTION
Number of Pages 262p
500 ## - GENERAL NOTE
General note includes index and biblioraphy
505 2# - FORMATTED CONTENTS NOTE
Formatted contents note Index
650 ## - SUBJECT ADDED ENTRY--TOPICAL TERM
Topical Term India-Tribes-Festivals
650 ## - SUBJECT ADDED ENTRY--TOPICAL TERM
Topical Term Festivals-Indian
942 ## - ADDED ENTRY ELEMENTS (KOHA)
Koha item type Books
700 1# -
-- Chaudhury, Buddhadeb
Holdings
Collection code Home library Current library Date acquired Cost, normal purchase price Full call number Accession Number Koha item type
  Henry Martyn Institute Library Henry Martyn Institute Library 04/05/2007 320.00 307.70954 CHA 015879 Books
                   Copyright © 2026 | Henry Martyn Institute | Hyderabad | TS-500052 | INDIA | Implemented by hmi.edu.in
Hit-Count:

Powered by Koha